Movies of 1983 Quiz Stats

 Plays Quiz Updated Apr 30, 2018

Also try: Movies of 1984
Challenge
Share
Tweet
Score 0/16 Timer 06:00
0 Plays Today
Picture Movie % Correct
Scarface
88%
Star Wars Episode VI: Return of the Jedi
87.7%
Flashdance
84.3%
Risky Business
81.2%
National Lampoon's Vacation
78.2%
Trading Places
77.3%
A Christmas Story
70.3%
WarGames
66.2%
Picture Movie % Correct
The Outsiders
51.4%
Christine
49.6%
The Right Stuff
42.8%
Terms of Endearment
42.1%
Jaws 3-D
33.3%
Monty Python's The Meaning of Life
31.7%
Never Say Never Again
28.5%
The Big Chill
17.9%

You're not logged in!

Compare scores with friends on all Sporcle quizzes.
Join for Free
OR
Log In

You Might Also Like...

Show Comments

Extras

Top Quizzes Today


Score Distribution

Your Account Isn't Verified!

In order to create a playlist on Sporcle, you need to verify the email address you used during registration. Go to your Sporcle Settings to finish the process.

Report this User

Report this user for behavior that violates our Community Guidelines.

Details: